000 00456nam a2200157 i 4500
001 55658
003 ES-MaACL
005 20230906163205.0
007 t|
008 030924s1916 gy ||||1| spa d
100 1 _aDessus, Luis Felipe.
_943947
245 1 0 _aFlores y balas
_b: (estados del alma) : 1916 /
_cLuis Felipe Dessus.
260 _aGuayama :
_b[s.n.],
_c1916 (
_ftip. Unión Guayamesa)
300 _a264 p. ;
_c22 cm.
852 _aES-MaACL
_jF-8333
999 _c55658
_d55658